000 00505nam a22001697a 4500
005 20250416171922.0
008 250328b |||||||| |||| 00| 0 eng d
020 _a9781944660628
041 _aeng
082 _a332.642 DEM
100 _aDempsey, Michael
245 _aStock Markets And Corporate Finance: A Primer
260 _aLondon
_bWorld Scientific
_c2023
300 _a350; pages : 24cm
650 _aStock Exchanges; Stocks Prices; Corporations Finance; Corporations Valuation
942 _cBK
999 _c43470
_d43470